Imiona znanych Polek i Polaków - Statystyki

Ogólne statystyki
  • Ten quiz został rozwiązany 1 105 razy
    596 od ostatniego zresetowania
  • Średni wynik to 14 z 15
Statystyki odpowiedzi
Imię Nazwisko % Poprawnych
Lech/Jarosław Kaczyński
98%
Mikołaj Kopernik
98%
Robert Lewandowski
98%
Adam Małysz
97%
Adam Mickiewicz
97%
Maria Skłodowska-Curie
96%
Iga Świątek
94%
Lech Wałęsa
94%
Karol Wojtyła
92%
Mariusz Pudzianowski
88%
Wisława Szymborska
88%
Tadeusz Kościuszko
87%
Stanisław August/Józef Poniatowski
82%
Stanisław Lem
76%
Tadeusz Mazowiecki
65%
Nie znaleziono quizów pasujących do podanych kryteriów
Rozkład punktacji
Procent ludzi z każdym wynikiem
Percentyl według liczby udzielonych odpowiedzi
Twoja historia wyników
Nie rozwiązałeś tego quizu od ostatniego zresetowania